| 000 | 00805cab a22001935a 4500 | ||
|---|---|---|---|
| 001 | L144029 | ||
| 008 | 080612e20080423xxkad f s 000 0 eng d | ||
| 035 | _a(Sirsi) u144029 | ||
| 041 | 0 | _aeng | |
| 100 | 1 | _aStagg, James | |
| 245 | 0 | 0 | _aCivil wins push Balfour back into pole |
| 260 | _c2008 | ||
| 490 | 0 |
_aContract Journal _v441(6672) 23 April 2008, 12-13(2) |
|
| 520 | _aReviews the monthly league table of new work winners for the UK construction industry. Reports that Balfour Beatty won three times more work than any other contractor. The total value of new orders in March 2008 was above the 12 month average, with most of the new orders coming from the infrastructure sector. | ||
| 590 | _aKA | ||
| 651 | 4 |
_aUnited Kingdom _y |
|
| 690 | _aBUILT ENVIRONMENT-CONSTRUCTION MARKET | ||
| 942 | _n0 | ||
| 999 |
_c80333 _d80333 |
||